Sports Quiz

Random Sports or NCAA Quiz

Big Ten Quiz Stats

 Plays Quiz Updated Nov 10, 2016

Score 0/28 Timer 05:00
11 Plays Today
% Correct
Michigan
96.8%
Ohio State
95.3%
Michigan State
94.4%
Indiana
89.7%
Iowa
87.9%
Wisconsin
87.9%
Illinois
87.7%
Penn State
87.6%
Buckeyes
86.6%
Spartans
86.5%
Wolverines
86.5%
Minnesota
83.5%
Nebraska
83%
Northwestern
82%
% Correct
Badgers
81.9%
Hoosiers
80.3%
Purdue
80.1%
Hawkeyes
78.3%
Rutgers
77.6%
Cornhuskers
76.9%
Maryland
76.4%
Fighting Illini
76.3%
Nittany Lions
76.3%
Golden Gophers
73.2%
Boilermakers
71.8%
Wildcats
71%
Terrapins
63.5%
Scarlet Knights
62.2%

You're not logged in!

Compare scores with friends on all Sporcle quizzes.
OR
Log In

Sporcle TV

Today on Sporcle TV


Watch our educational content, quiz creation guides, and fun videos on Sporcle TV.

Show Comments

Extras

Top Quizzes Today


Score Distribution

Your Account Isn't Verified!

In order to create a playlist on Sporcle, you need to verify the email address you used during registration. Go to your Sporcle Settings to finish the process.

Report this User

Report this user for behavior that violates our Community Guidelines.

Details: